000 02679cam a2200541 4500
001 L136671
008 070214n2007 000 0 eng u
020 _a9780727734853
022 _a17526841
035 _a(Sirsi) u136671
041 0 _aeng
050 0 4 _a692.8 $2 18
245 0 0 _aConstruction law handbook
260 _aLondon
_bThomas Telford
_c2007
300 _alvi, 982p.
_c25cm.
505 2 _aThe planning system -- Financing the project -- Public sector projects -- Public-private sector partnerships -- Tender process -- The construction contract --Construction insurance -- Ways of operating -- Working with others -- Working internationally -- The engineer's appointment -- Collateral warranties -- Professional indemnity insurance -- Employment law -- Information technology in the construction industry -- The law of contract -- Construction health and safety -- Insolvency in construction -- Law of tort -- Environmental issues -- Administration of claims -- Litigation -- Arbitration -- Adjudication -- Alternative dispute resolution
520 _aDiscusses the different legal issues arising during the course of the construction project, the organizing of an engineer's practice and construction disputes.
520 _aSuperseded by 2008 ed.
590 _aKA
650 2 4 _aCONTROL OF POLLUTION ACT 1974
650 2 4 _aUNFAIR CONTRACT TERMS ACT 1977
650 2 4 _aCOMPANIES ACT 1985
650 2 4 _aINSOLVENCY ACT 1986
650 2 4 _aENVIRONMENTAL PROTECTION ACT 1990
650 2 4 _aWATER RESOURCES ACT 1991
650 2 4 _aHEALTH AND SAFETY (DISPLAY SCREEN EQUIPMENT) REGULATIONS 1992
650 2 4 _aASBESTOS (PROHIBITIONS) REGULATIONS 1992
650 2 4 _aCONSTRUCTION (DESIGN AND MANAGEMENT) REGULATIONS 1994
650 2 4 _aARBITRATION ACT 1996
650 2 4 _aHOUSING GRANTS, CONSTRUCTION AND REGENERATION ACT 1996
650 2 4 _aDATA PROTECTION ACT 1998
650 2 4 _aWORK TIME REGULATIONS ACT 1998
650 2 4 _aCONTRACTS (RIGHTS OF THIRD PARTIES) ACT 1999
650 2 4 _aMANAGEMENT OF HEALTH AND SAFETY AT WORK REGULATIONS 1999
650 2 4 _aLIMITED LIABILITY PARTNERSHIPS REGULATIONS 2001
650 2 4 _aCONTROL OF ASBESTOS AT WORK REGULATIONS 2002
650 2 4 _aENTERPRISE ACT 2002
650 2 4 _aINFORMATION AND CONSULTATION OF EMPLOYEES REGULATIONS 2004
650 2 4 _aPUBLIC CONTRACTS REGULATIONS 2006
650 2 4 _aUTILITIES CONTRACTS REGULATIONS 2006
651 4 _aUnited Kingdom
_y
690 _aBUILT ENVIRONMENT-BUILDING CONTRACT FORMS
700 1 _aRamsey, Vivian
_eEditor
700 1 _aMinogue, Ann
_eEditor
700 1 _aBaster, Jenny
_eEditor
700 1 _aO`Reilly, Michael
_eEditor
942 _n0
999 _c106471
_d106471